Statistics for Last 10 Countries To Appear In Their First World Cup Finals Tournament

Click here to take the quiz!

General Stats

  • This quiz has been taken 22 times
  • The average score is 6 of 10

Answer Stats

DebutAnswer% Correct
2018Iceland
95%
2018Panama
85%
2006Ghana
65%
2006Ivory Coast
65%
2014Bosnia and Herzegovina
50%
2010Slovakia
50%
2006Ukraine
45%
2006Togo
40%
2006Trinidad And Tobago
30%
2006Angola
25%

Score Distribution

Percentile by Number Answered

Percent of People with Each Score

Your Score History

You have not taken this quiz